000
00330nam a2200145Ia 4500
008
191201s2000 xx 000 0 und d
082
_a
539.7
100
_a
TAYAL,DC
245
0
_a
Nuclear Physics
250
_a
Rep
260
_a
N. Delhi
_b
Himalaya Publication House
_c
2000
300
_a
679
650
_a
Applied
942
_2
ddc
_c
BK
999
_c
584
_d
584